Manifiestos políticos : 1892-1912 / (Record no. 65537)

MARC details
000 -LEADER
fixed length control field 00607cam a2200181 4500
008 - FIXED-LENGTH DATA ELEMENTS--GENERAL INFORMATION
fixed length control field s1957 mx a spa
245 10 - TITLE STATEMENT
Title Manifiestos políticos : 1892-1912 /
Statement of responsibility, etc prol., ordenamiento y notas de Manuel González Ramírez.
250 ## - EDITION STATEMENT
Edition statement 1a ed.
260 ## - PUBLICATION, DISTRIBUTION, ETC. (IMPRINT)
Place of publication, distribution, etc México :
Name of publisher, distributor, etc Fondo de Cultura Económica,
Date of publication, distribution, etc 1957
300 ## - PHYSICAL DESCRIPTION
Extent lxi, 685 p. ;
Dimensions 22 cm.
440 #0 - SERIES STATEMENT/ADDED ENTRY--TITLE
Title Fuentes para la historia de la Revolucion Mexicana ;
Volume number/sequential designation no.4
504 ## - BIBLIOGRAPHY, ETC. NOTE
Bibliography, etc Incluye índice
700 1# - ADDED ENTRY--PERSONAL NAME
Personal name González Ramírez, Manuel,prol.
942 ## - ADDED ENTRY ELEMENTS (KOHA)
Source of classification or shelving scheme Biblioteca del Cogreso de los Estados Unidos
Koha item type Libro
Holdings
Estado de pérdida Fuente de clasificación Estado del daño No para préstamo Ubicación permanente Ubicación actual Apartado o colección Fecha de adquisición Edición Dependencia de educación superior (DES) Área del conocimiento Clasificación Código de Barras Date last seen Número de copia Costo por reposición Tipo de recurso Enumeración de Serie / Cronológica
  Biblioteca del Cogreso de los Estados Unidos     Biblioteca de la Unidad de Ciencias Ingeniería y Humanidades Biblioteca de la Unidad de Ciencias Ingeniería y Humanidades General 14/09/2018 1a. ed.   Educación y Humanidades F1234 M36 1957 BCU000003438 14/09/2018 C:1   Libro BCU000003438
  Biblioteca del Cogreso de los Estados Unidos     Biblioteca de la Unidad de Ciencias Ingeniería y Humanidades Biblioteca de la Unidad de Ciencias Ingeniería y Humanidades General 14/09/2018 1a. ed.   Educación y Humanidades F1234 M36 1957 BCU000003439 14/09/2018 C:2   Libro BCU000003439
  Biblioteca del Cogreso de los Estados Unidos     Biblioteca del Instituto de Investigaciones Históricas Biblioteca del Instituto de Investigaciones Históricas General 13/04/2018 1a ed. Humanidades Ciencias Sociales y Administrativas F1234 M35 1957 IIH000020024 13/04/2018 C:1 1.00 Libro